[Event "3e Tournoi de Maitres"]
[Site "Montigny le Bretonneux"]
[Date "2016.10.30"]
[Round "9.1"]
[White "Guliyev, Namig"]
[Black "Philippe, Guillaume"]
[Result "1/2-1/2"]
[WhiteElo "2579"]
[BlackElo "2319"]
[Annotator "Rivier, Sylvain"]
[PlyCount "149"]
[EventDate "2016.10.??"]
[EventType "tourn"]
[EventRounds "9"]
[EventCountry "FRA"]
[SourceTitle "La Dame Noire"]
[Source "Sylvain Rivier"]
[SourceDate "2016.10.30"]

1. e4 d6 2. d4 Nf6 3. Nc3 e5 4. Nf3 Nbd7 5. Bc4 Be7 6. O-O O-O 7. Re1 c6 8. a4
b6 9. d5 cxd5 10. Bxd5 Nxd5 11. Nxd5 Bb7 12. c4 Rc8 13. b3 Nc5 14. Rb1 Qd7 15.
Ba3 Kh8 16. Rb2 Bd8 17. Rd2 Qe6 18. Qc2 Qg6 19. h3 h6 20. Nh2 Bg5 21. Rdd1 Rfe8
22. Nf1 Ne6 23. Bb2 Bxd5 24. Rxd5 Nf4 25. Rdd1 d5 26. g3 Nxh3+ 27. Kg2 dxc4 28.
Kxh3 Qe6+ 29. Kg2 cxb3 30. Qd3 Rc2 31. Rb1 Rd8 32. Qf3 f6 33. Ba3 Qc6 34. Qxb3
Rc3 35. Qb2 Rdd3 36. Bf8 Qxa4 37. Qe2 Qc4 38. Qh5 Qc8 39. Bb4 Rc4 40. Re2 Rdd4
41. Bd2 Rxe4 42. Rxe4 Rxe4 43. Bxg5 fxg5 44. Qf7 Re2 45. Rd1 Qc6+ 46. Kg1 Qf6
47. Qxf6 gxf6 48. Rd7 a5 49. Ne3 a4 50. Ra7 b5 51. Nd5 Kg8 52. Nxf6+ Kf8 53.
Kg2 e4 54. Kf1 Ra2 55. Nd5 Rb2 56. g4 Rb3 57. Nc7 a3 58. Ne6+ Ke8 59. Nc5 Rb1+
60. Ke2 b4 61. Nxe4 Rb2+ 62. Kd3 a2 63. Nd6+ Kd8 64. Nc4 Rxf2 65. Nd2 Rf4 66.
Rxa2 Rxg4 67. Ra7 h5 68. Ne4 h4 69. Rh7 b3 70. Rb7 h3 71. Rxb3 h2 72. Rb8+ Kc7
73. Rh8 Rh4 74. Rxh4 gxh4 75. Nf2 1/2-1/2

[Event "3e Tournoi de Maitres"]
[Site "Montigny le Bretonneux"]
[Date "2016.10.30"]
[Round "9.2"]
[White "Valuet, Bertrand"]
[Black "Duboue, Peio"]
[Result "0-1"]
[WhiteElo "2300"]
[BlackElo "2415"]
[Annotator "Rivier, Sylvain"]
[PlyCount "80"]
[EventDate "2016.10.??"]
[EventType "tourn"]
[EventRounds "9"]
[EventCountry "FRA"]
[SourceTitle "La Dame Noire"]
[Source "Sylvain Rivier"]
[SourceDate "2016.10.30"]

1. e4 d5 2. exd5 Nf6 3. Bb5+ Bd7 4. Be2 Nxd5 5. d4 c6 6. c4 Nf6 7. Nc3 Bf5 8.
Nf3 e6 9. O-O Bd6 10. Qb3 Qc7 11. c5 Be7 12. Bf4 Qc8 13. Ne5 O-O 14. g4 Bg6 15.
h4 Rd8 16. Rad1 Nbd7 17. h5 Be4 18. Nxe4 Nxe4 19. Nc4 Nef6 20. Bd6 Bxd6 21.
Nxd6 Qc7 22. Bc4 Nxg4 23. Bxe6 Nh6 24. Bxf7+ Kh8 25. Be6 b6 26. Qg3 Qb8 27.
Bxd7 Rxd7 28. Rfe1 Qf8 29. Re5 Nf7 30. Rf5 Qg8 31. Nxf7+ Rxf7 32. Re5 Rd7 33.
Kh2 h6 34. Qg6 Rf8 35. f4 bxc5 36. Rxc5 Qxa2 37. Rxc6 Qxb2+ 38. Kh1 Qb3 39. Qg4
Qd5+ 40. Qg2 Qxh5+ 0-1

[Event "3e Tournoi de Maitres"]
[Site "Montigny le Bretonneux"]
[Date "2016.10.30"]
[Round "9.3"]
[White "Dimitrov, Atanas"]
[Black "Choukri, Adel"]
[Result "0-1"]
[WhiteElo "2301"]
[BlackElo "2265"]
[Annotator "Rivier, Sylvain"]
[PlyCount "78"]
[EventDate "2016.10.??"]
[EventType "tourn"]
[EventRounds "9"]
[EventCountry "FRA"]
[SourceTitle "La Dame Noire"]
[Source "Sylvain Rivier"]
[SourceDate "2016.10.30"]

1. d4 Nf6 2. g3 g6 3. Bg2 Bg7 4. e4 d6 5. Ne2 O-O 6. O-O c6 7. Nbc3 Nbd7 8. a4
a5 9. h3 Rb8 10. f4 Ne8 11. Be3 f5 12. d5 c5 13. e5 dxe5 14. fxe5 b6 15. e6
Ndf6 16. Nb5 Ba6 17. Nec3 Nd6 18. Nxd6 exd6 19. Re1 Qe7 20. Bf3 h6 21. Qd2 Kh7
22. Rad1 g5 23. Be2 Bxe2 24. Qxe2 g4 25. Qd3 Nh5 26. hxg4 Bxc3 27. bxc3 Nxg3
28. Kg2 Ne4 29. Rh1 Rf6 30. Bxh6 Rxh6 31. Rxh6+ Kxh6 32. Rh1+ Kg7 33. Qh3 Qg5
34. Qh7+ Kf6 35. Qf7+ Ke5 36. Qxf5+ Qxf5 37. gxf5 Nxc3 38. e7 Re8 39. Rh6 Rxe7
0-1

[Event "3e Tournoi de Maitres"]
[Site "Montigny le Bretonneux"]
[Date "2016.10.30"]
[Round "9.4"]
[White "Todorov, Todor"]
[Black "Sohier, Julien"]
[Result "1/2-1/2"]
[WhiteElo "2472"]
[BlackElo "2282"]
[Annotator "Rivier, Sylvain"]
[PlyCount "171"]
[EventDate "2016.10.??"]
[EventType "tourn"]
[EventRounds "9"]
[EventCountry "FRA"]
[SourceTitle "La Dame Noire"]
[Source "Sylvain Rivier"]
[SourceDate "2016.10.30"]

1. e4 e5 2. Nf3 Nc6 3. Nc3 Nf6 4. d4 exd4 5. Nxd4 Bb4 6. Nxc6 bxc6 7. Bd3 O-O
8. O-O d5 9. exd5 cxd5 10. Bg5 c6 11. Ne2 Re8 12. h3 Qe7 13. c3 Bd6 14. Qd2 h6
15. Bh4 Bd7 16. Rfe1 g5 17. Bg3 Bxg3 18. Nxg3 Qd6 19. Bc2 Rxe1+ 20. Rxe1 Re8
21. Rxe8+ Nxe8 22. Qd3 Nf6 23. Qa6 Qf4 24. Nf1 Qc1 25. Qe2 Kg7 26. Bd3 c5 27.
Qd2 Qxd2 28. Nxd2 Nh5 29. Ba6 Kf6 30. Nb3 c4 31. Nd4 Nf4 32. Bb7 Ke5 33. b3
cxb3 34. axb3 Kd6 35. b4 Kc7 36. Ba6 Kb6 37. Bf1 a5 38. bxa5+ Kxa5 39. Kh2 Kb6
40. Kg3 Kc5 41. Kf3 Kd6 42. Ke3 Ke5 43. h4 f6 44. g3 Ng6 45. Bd3 Ne7 46. f4+
gxf4+ 47. gxf4+ Kd6 48. Kf3 Bc8 49. Nb5+ Kc5 50. Nd4 Kd6 51. Ke3 Bd7 52. f5 Nc6
53. Kf4 Nxd4 54. cxd4 Ba4 55. Be2 Be8 56. Kg4 Ke7 57. Ba6 Kd6 58. Bb7 Bf7 59.
Bc8 Ke7 60. Kf4 Kd6 61. Ba6 Bh5 62. Bb5 Ke7 63. Ke3 Bg4 64. Kf4 Bh5 65. Ba4 Kd6
66. Bc2 Kc6 67. Ba4+ Kd6 68. Bb5 Ke7 69. Ba6 Kd7 70. Bb7 Bf7 71. Kg4 Kd6 72.
Bc8 Ke7 73. Kf4 Kd6 74. Ke3 Kc7 75. Ba6 Bh5 76. Bb5 Bg4 77. Kf4 Bh5 78. Ba4 Kd6
79. Bc2 Bf7 80. Ke3 Bh5 81. Bd3 Ke7 82. Ba6 Kd7 83. Bb7 Bf7 84. Kd2 Kc7 85. Ba6
Be8 86. Kc3 1/2-1/2

[Event "3e Tournoi de Maitres"]
[Site "Montigny le Bretonneux"]
[Date "2016.10.30"]
[Round "9.5"]
[White "Mirimanian, Hayk"]
[Black "Eden, James"]
[Result "0-1"]
[WhiteElo "2243"]
[BlackElo "2297"]
[Annotator "Rivier, Sylvain"]
[PlyCount "84"]
[EventDate "2016.10.??"]
[EventType "tourn"]
[EventRounds "9"]
[EventCountry "FRA"]
[SourceTitle "La Dame Noire"]
[Source "Sylvain Rivier"]
[SourceDate "2016.10.30"]

1. e4 e5 2. Nf3 Nc6 3. Bc4 Nf6 4. d3 Bc5 5. O-O d6 6. c3 a6 7. Bb3 Ba7 8. Re1
h6 9. Nbd2 O-O 10. Nf1 Nh5 11. d4 Qf6 12. Ne3 Nf4 13. Nd5 Nxd5 14. exd5 Ne7 15.
dxe5 dxe5 16. Rxe5 Ng6 17. Re4 Bf5 18. Re1 Bg4 19. h3 Bxh3 20. gxh3 Nh4 21. Nd4
Bxd4 22. cxd4 Qg6+ 23. Kf1 Rae8 24. Be3 f5 25. d6+ Kh8 26. d7 Re7 27. Bd5 Rxd7
28. Bf3 f4 29. Bg4 fxe3 30. Rxe3 Rdf7 31. Qe2 h5 32. Re6 Rxf2+ 33. Qxf2 Rxf2+
34. Kxf2 Qf7+ 35. Kg3 hxg4 36. Rae1 Nf5+ 37. Kxg4 Nxd4 38. Re8+ Kh7 39. R1e4
Qf5+ 40. Kg3 Qf3+ 41. Kh4 Nf5+ 42. Kg5 Nh6 0-1